Municipalities and Parishes of Madeira - Statistics

General Stats
  • This quiz has been taken 143 times
  • The average score is 31 of 65
Answers on the Map
Answers color-coded by a green-red scale on the quiz's map according to % correct below.
 
Answer Stats
type Answer % Correct
municipio Funchal
96%
municipio Porto Santo
69%
freguesia Porto Santo
69%
municipio Santana
69%
freguesia Santana
69%
municipio Machico
68%
freguesia Machico
68%
municipio Santa Cruz
68%
freguesia Santa Cruz
68%
freguesia
68%
municipio Câmara de Lobos
66%
freguesia Câmara de Lobos
66%
municipio Porto Moniz
66%
freguesia Porto Moniz
66%
municipio Ribeira Brava
63%
freguesia Ribeira Brava
63%
municipio São Vicente
63%
freguesia São Vicente
63%
municipio Calheta
59%
freguesia Calheta
59%
freguesia Caniçal
56%
municipio Ponta do Sol
56%
freguesia Ponta do Sol
56%
freguesia Monte
54%
freguesia Seixal
53%
freguesia Caniço
51%
freguesia Paul do Mar
49%
freguesia Santo António
49%
freguesia São Martinho
47%
freguesia Arco da Calheta
46%
freguesia Estreito de Câmara de Lobos
44%
freguesia Faial
44%
freguesia Gaula
44%
freguesia Madalena do Mar
44%
freguesia Ponta do Pargo
44%
freguesia Curral das Freiras
43%
freguesia Ponta Delgada
41%
freguesia Camacha
40%
freguesia Canhas
40%
freguesia Porto da Cruz
40%
freguesia São Roque
40%
freguesia São Roque do Faial
40%
freguesia Achadas da Cruz
38%
freguesia Campanário
38%
freguesia Jardim do Mar
38%
freguesia São Gonçalo
38%
freguesia São Jorge
38%
freguesia Serra de Água
38%
freguesia Estreito da Calheta
37%
freguesia Arco de São Jorge
35%
freguesia Ilha
35%
freguesia São Pedro
35%
freguesia Tabua
35%
freguesia Prazeres
34%
freguesia Quinta Grande
34%
freguesia Ribeira da Janela
34%
freguesia Água de Pena
32%
freguesia Boa Ventura
32%
freguesia Fajã da Ovelha
31%
freguesia Santa Luzia
31%
freguesia Santa Maria Maior
31%
freguesia Santo António da Serra
29%
freguesia Santo António da Serra
29%
freguesia Jardim da Serra
28%
freguesia Imaculado Coração de Maria
19%
No matching quizzes found
Score Distribution
Percent of People with Each Score
Percentile by Number Answered
Your Score History
You have not taken this quiz